Wpisz kluby na jakich grają stadionach - Statystyki

Ogólne statystyki
  • Ten quiz został rozwiązany 28 razy
  • Średni wynik to 31 z 51
Statystyki odpowiedzi
Hint Odpowiedź % Poprawnych
Stadion Miejski w Krakowie Wisła Kraków
100%
Arena Zabrze Górnik Zabrze
96%
Stadion Wojska Polskiegow Warszawie Legia Warszawa
96%
Stadion Śląski Ruch Chorzów
92%
Tarczyński Arena Śląsk Wrocław
88%
Enea Stadion Lech Poznań
85%
Stadion Miejski w Szczecinie Pogoń Szczecin
85%
Stadion GOSiR w Gdynii Arka Gdynia
81%
Stadion Miejski w Łodzi ŁKS Łódź
81%
Arena Lublin Motor Lublin
81%
Stadion Widzewa Ł. Widzew Łódź
81%
Polsat Plus Arena Lechia Gdańsk
77%
Stadion MKS Cracovia Cracovia, Puszcza Niepołomice
73%
Stadion Miejski w Tychach GKS Tychy
73%
Stadion Miejski w Katowicach GKS Katowice
69%
Stadion GKS Górnik Ł. Górnik Łęczna
69%
Stadion Polonii W. Polonia Warszawa
69%
Miejski Stadion Piłkarski Raków Raków Częstochowa
69%
KGHM Arena Zagłębie Lubin
69%
Stadion Miejski Hutnik Hutnik Kraków
65%
Stadion Miejski w Opolu Odra Opole
65%
Stadion Miejski w Gliwicach Piast Gliwice
65%
Stadion Miejski w Bielsku-Białej Podbeskidzie Bielsko-Biała
65%
Stadion ROSiR w Rzeszowie Resovia
65%
Stadion MOSiR w Mielcu Stal Mielec
65%
Stadion Miejski "Stal" w Rzeszowie Stal Rzeszów
65%
Stadion Sportowy BRUK-BET Termalica Bruk-Bet Nieciecza
65%
Stadion MZOS Znicz Znicz Pruszków
65%
Stadion ROSRRiT w Siedlcach Pogoń Siedlce
62%
Stadion Klubu Sportowego Wieczysta Wieczysta Kraków
62%
Miejski Stadion "Skra" w Częstochowie Skra Częstochowa
58%
Stadion MOSiR Puławy Wisła Puławy
58%
Stadion Miejskiego KS Chojniczanka Chojniczanka Chojnice
54%
Stadion Miejski w Kaliszu KKS Kalisz
54%
Stadion Miejski GKS Pogoń G. M. Pogoń Grodzisk Mazowiecki
54%
Stadion Stali S. W. Stal Stalowa Wola
54%
Stadion Chrobrego Chrobry Głogów
50%
Chorten Arena Jagiellonia Białystok
50%
Orlen Stadion Wisła Płock
50%
Stadion Miejski w Jastrzębiu-Zdroju GKS Jastrzębie
46%
Stadion Miejski w Elblągu Olimpia Elbląg
46%
Stadion BTS Rekord Rekord Bielsko-Biała
46%
Stadion Miejski w Grudziądzu Olimpia Grudziądz
42%
Exbud Arena Korona Kielce
31%
ArcelorMittal Park Zagłębie Sosnowiec
27%
Stadion Miejski w Skolwinie Świt Skolwin
19%
Stadion Respect Energy Warta Poznań
19%
Stadion im. Orła Białego Miedź Legnica
15%
Stadion im. Braci Czachorów Radomiak Radom
15%
Stadion im. Edwarda Szymkowiaka Polonia Bytom
12%
Municipal Stadium Kotwica Kołobrzeg
4%
Nie znaleziono quizów pasujących do podanych kryteriów
Rozkład punktacji
Procent ludzi z każdym wynikiem
Percentyl według liczby udzielonych odpowiedzi
Twoja historia wyników
Nie rozwiązałeś tego quizu